00706nac a22002297a 4500001001000000003000900010005001700019008003400036040005400070072000800124100001800132110004000150245010400190260004200294300000900336490004300345500001700388650001600405650002200421650002100443650001200464BR0602220BR-BrBNA20240105123324.0230509b bl.|||m| |||| 00| 0 por d aBR-BrBNAbporcBiblioteca Nacional de Agricultura aE701 aBraga, J.M.A.1 aBradea, Rio de Janeiro, RJ (Brasil)1 aMarantaceae - Novidades taxonômicas e nomenclaturais: 2 Calathea joffilyana J.M.A. Braga sp. nov.3 aRio de Janeiro, RJ (Brasil): c2002.  a4 p. aBradea (Brazil)vno. 1xISSN 0084-800X aSummary (Pt) aMARANTACEAE aTAXONOMIA VEGETAL aINFLORESCÊNCIA aHABITAT